Candide and other stories

Uloženo v:
Podrobná bibliografie
Hlavní autor: Voltaire
Médium: Kniha
Jazyk:Undetermined
Vydáno: London Everyman's Library 1992
Témata:
Tagy: Přidat tag
Žádné tagy, Buďte první, kdo otaguje tento záznam!
Thư viện lưu trữ: Trung tâm Học liệu Trường Đại học Cần Thơ
LEADER 00507nam a2200181Ia 4500
001 CTU_36016
008 210402s9999 xx 000 0 und d
082 |a 843.5 
082 |b V935c 
100 |a Voltaire 
245 0 |a Candide and other stories 
245 0 |c Voltaire, Roger Pearson 
260 |a London 
260 |b Everyman's Library 
260 |c 1992 
650 |a french fiction,french literature - 18th century 
904 |i Minh, 000406 
980 |a Trung tâm Học liệu Trường Đại học Cần Thơ